000 00390nam a2200181Ia 4500
008 210210b1966 xxu||||| |||| 00| 0 eng d
041 _aeng
082 _a370/59
100 _aMURPHY
245 _aLearning by television
260 _aNew York
_b-
_c1966
650 _atelevision
650 _aLearning
650 _aby
690 _aEducation
700 _aGROSS
906 _a004999
999 _c128682
_d128682